00630 2200241 4500001002100000005001500021035002000036245004500056100001900101250000600120300003000126260004200156082001100198084001700209020002200226008004100248650001400289990001700303990001700320990001700337990001700354990001700371INLIS00000000000088820191221115128 a0010-03190001011 aBencana Alam Hidrologi /cP. Heru Susila0 aP. Heru Susila a- aiv, 60 :bilus. ;c21 cm. aJakarta :bPustaka Tiga Kelana,c2009 a551.48 a551.48 HER b a978-602-8535-46-5191221 0  ahidrologi a03208/H/2018 a03209/H/2018 a03210/H/2018 a03211/H/2018 a03212/H/2018